[Event "CHN-chT"]
[Site "Qingdao"]
[Date "2024.04.09"]
[Round "8.3"]
[White "Xiu, Deshun"]
[Black "Qu, Yanqiao"]
[Result "1-0"]
[WhiteElo "2510"]
[BlackElo "2060"]
[PlyCount "41"]
[EventDate "2024.04.02"]
[EventType "team-swiss"]
[EventRounds "9"]
[EventCountry "CHN"]
[SourceTitle "CB16_2024"]
[SourceDate "2024.04.17"]
[SourceVersion "1"]
[SourceVersionDate "2024.04.17"]
[SourceQuality "1"]
[WhiteTeam "Beijing"]
[BlackTeam "Heilongjiang"]
[WhiteTeamCountry "CHN"]
[BlackTeamCountry "CHN"]

1. d4 Nf6 2. c4 g6 3. Nc3 Bg7 4. e4 d6 5. Nf3 0-0 6. Be2 e5 7. 0-0 Nc6 8. d5 Ne7 9. b4 a5 10. Ba3 Nd7 11. bxa5 Rxa5 12. Bb4 Ra6 13. a4 b6 14. a5 h6 15. axb6 Rxb6 16. Nb5 f5 17. Ba5 fxe4 18. Nd2 Rxb5 19. cxb5 Nc5 20. Nb3 Nd3 21. f3 1-0

[Event "CHN-chT"]
[Site "Qingdao"]
[Date "2024.04.08"]
[Round "7.3"]
[White "Qu, Yanqiao"]
[Black "Xie, Kaifan"]
[Result "1/2-1/2"]
[WhiteElo "2060"]
[BlackElo "2393"]
[PlyCount "60"]
[EventDate "2024.04.02"]
[EventType "team-swiss"]
[EventRounds "9"]
[EventCountry "CHN"]
[SourceTitle "CB16_2024"]
[SourceDate "2024.04.17"]
[SourceVersion "1"]
[SourceVersionDate "2024.04.17"]
[SourceQuality "1"]
[WhiteTeam "Heilongjiang"]
[BlackTeam "Hangzhou"]
[WhiteTeamCountry "CHN"]
[BlackTeamCountry "CHN"]

1. Nf3 Nf6 2. c4 e6 3. Nc3 d5 4. d4 Bb4 5. e3 0-0 6. a3 Bxc3+ 7. bxc3 c5 8. Bd3 dxc4 9. Bxc4 Qc7 10. Be2 b6 11. Bb2 Ba6 12. 0-0 Bxe2 13. Qxe2 Nc6 14. c4 cxd4 15. exd4 Na5 16. Rac1 Rfe8 17. Ne5 Rac8 18. Rfd1 Qd6 19. Qf3 h6 20. g4 Qe7 21. Bc3 Nd7 22. Nxd7 Qxd7 23. Bxa5 bxa5 24. d5 exd5 25. Rxd5 Qc7 26. c5 Re6 27. h3 Qe7 28. Kg2 Rf6 29. Rf5 Rxf5 30. Qxf5 Rc7 1/2-1/2

[Event "CHN-chT"]
[Site "Qingdao"]
[Date "2024.04.07"]
[Round "6.3"]
[White "Wu, Yixing"]
[Black "Qu, Yanqiao"]
[Result "1-0"]
[WhiteElo "2348"]
[BlackElo "2060"]
[PlyCount "67"]
[EventDate "2024.04.02"]
[EventType "team-swiss"]
[EventRounds "9"]
[EventCountry "CHN"]
[SourceTitle "CB16_2024"]
[SourceDate "2024.04.17"]
[SourceVersion "1"]
[SourceVersionDate "2024.04.17"]
[SourceQuality "1"]
[WhiteTeam "Guangdong"]
[BlackTeam "Heilongjiang"]
[WhiteTeamCountry "CHN"]
[BlackTeamCountry "CHN"]

1. d4 Nf6 2. Bf4 d6 3. Nf3 Nbd7 4. c4 g6 5. Nc3 Bg7 6. e3 0-0 7. Be2 Re8 8. h3 b6 9. 0-0 Bb7 10. d5 Nc5 11. Qc2 e5 12. dxe6 Nxe6 13. Bh2 Nc5 14. Rfd1 Qe7 15. Rac1 Be4 16. Qd2 Bxf3 17. Bxf3 Nfe4 18. Nd5 Qd7 19. Qc2 a5 20. b3 f5 21. a3 Qf7 22. b4 axb4 23. axb4 Na4 24. Rd3 Qd7 25. Ra3 Ng5 26. Ne7+ Qxe7 27. Bxa8 Rxa8 28. Rxa4 Re8 29. c5 bxc5 30. bxc5 d5 31. Ra7 Ne6 32. Qb3 Rd8 33. Bd6 Qg5 34. Qxd5 1-0

[Event "CHN-chT"]
[Site "Liaocheng"]
[Date "2021.10.25"]
[Round "6.3"]
[White "Zhang, Qianyi"]
[Black "Qu, Yanqiao"]
[Result "0-1"]
[WhiteElo "1784"]
[BlackElo "2113"]
[PlyCount "61"]
[EventDate "2021.10.20"]
[EventType "team-swiss"]
[EventRounds "9"]
[EventCountry "CHN"]
[SourceTitle "CBM 204 Extra"]
[Source "ChessBase"]
[SourceDate "2021.11.30"]
[SourceVersion "1"]
[SourceVersionDate "2021.11.30"]
[SourceQuality "1"]
[WhiteTeam "Wuxi"]
[BlackTeam "Heilongjiang"]
[WhiteTeamCountry "CHN"]
[BlackTeamCountry "CHN"]

1. e4 e5 2. Nf3 Nf6 3. Nxe5 d6 4. Nf3 Nxe4 5. d4 d5 6. Bd3 Nc6 7. 0-0 Be7 8. Re1 Bg4 9. Bxe4 dxe4 10. Rxe4 Bxf3 11. gxf3 f5 12. Re1 Qxd4 13. Nc3 0-0-0 14. Qxd4 Rxd4 15. Be3 Rd7 16. Rad1 Rhd8 17. Rxd7 Rxd7 18. a3 Bf6 19. Rd1 Bxc3 20. Rxd7 Kxd7 21. bxc3 Ne5 22. Kg2 Nc4 23. Bc1 a5 24. Kg3 c5 25. Kf4 Ke6 26. Kg5 b5 27. f4 Nd6 28. Be3 Ne4+ 29. Kh5 Kd5 30. f3 Nxc3 31. Kg5 0-1

[Event "CHN-chT"]
[Site "Liaocheng"]
[Date "2021.10.22"]
[Round "3.3"]
[White "Qu, Yanqiao"]
[Black "Liu, Manli"]
[Result "0-1"]
[WhiteElo "2113"]
[BlackElo "2192"]
[PlyCount "106"]
[EventDate "2021.10.20"]
[EventType "team-swiss"]
[EventRounds "9"]
[EventCountry "CHN"]
[SourceTitle "CBM 204 Extra"]
[Source "ChessBase"]
[SourceDate "2021.11.30"]
[SourceVersion "1"]
[SourceVersionDate "2021.11.30"]
[SourceQuality "1"]
[WhiteTeam "Heilongjiang"]
[BlackTeam "Guangdong"]
[WhiteTeamCountry "CHN"]
[BlackTeamCountry "CHN"]

1. Nf3 d5 2. d4 Nf6 3. c4 e6 4. Nc3 Be7 5. Bg5 h6 6. Bh4 dxc4 7. e3 c5 8. dxc5 Qxd1+ 9. Rxd1 Nbd7 10. Bxc4 Bxc5 11. 0-0 a6 12. Bd3 b5 13. Bxf6 Nxf6 14. Ne4 Be7 15. Nxf6+ Bxf6 16. Be4 Ra7 17. b3 Bd7 18. Rc1 Ke7 19. Rfd1 Rc8 20. Rxc8 Bxc8 21. Rc1 Kd8 22. Kf1 Rc7 23. Rxc7 Kxc7 24. Ke2 Kd6 25. Nd4 Kc5 26. Nc2 a5 27. Bd3 Bc3 28. f3 f5 29. g3 g5 30. h3 e5 31. Kd1 Be6 32. Na3 Bd7 33. Nb1 Kb4 34. Bc2 Bb2 35. g4 f4 36. exf4 exf4 37. Be4 Be6 38. Kc2 Bd4 39. a3+ Kc5 40. Nd2 Be3 41. Nb1 b4 42. Bb7 Kd4 43. axb4 axb4 44. Bc6 Bc8 45. Bb5 Bb7 46. Be2 Bd5 47. Bd1 Bf7 48. Kb2 Kd3 49. Bc2+ Ke2 50. Be4 Be8 51. Kc2 Bb5 52. Bd5 Bd3+ 53. Kb2 Kf2 0-1

[Event "CHN-chT"]
[Site "Liaocheng"]
[Date "2021.10.21"]
[Round "2.3"]
[White "Wu, Yixing"]
[Black "Qu, Yanqiao"]
[Result "1-0"]
[WhiteElo "1814"]
[BlackElo "2113"]
[PlyCount "115"]
[EventDate "2021.10.20"]
[EventType "team-swiss"]
[EventRounds "9"]
[EventCountry "CHN"]
[SourceTitle "CBM 204 Extra"]
[Source "ChessBase"]
[SourceDate "2021.11.30"]
[SourceVersion "1"]
[SourceVersionDate "2021.11.30"]
[SourceQuality "1"]
[WhiteTeam "Shenzhen"]
[BlackTeam "Heilongjiang"]
[WhiteTeamCountry "CHN"]
[BlackTeamCountry "CHN"]

1. Nf3 d5 2. g3 Nf6 3. Bg2 e6 4. 0-0 Be7 5. d4 0-0 6. c4 dxc4 7. Ne5 c5 8. dxc5 Qc7 9. Nxc4 Bxc5 10. Qb3 Nc6 11. Nc3 Nd4 12. Qd1 Rd8 13. e3 Nc6 14. Qc2 a6 15. a3 Be7 16. Nd2 Ne5 17. Nf3 Nxf3+ 18. Bxf3 Bd7 19. e4 Rac8 20. Be3 Bc5 21. Bxc5 Qxc5 22. Qb3 b5 23. Rfd1 Bc6 24. Qb4 Qxb4 25. axb4 Bb7 26. Bg2 e5 27. Bh3 Ra8 28. f3 Kf8 29. Kf2 Ke7 30. Ke3 Ne8 31. Ne2 Nd6 32. b3 Bc8 33. Bxc8 Rdxc8 34. Rdc1 Rxc1 35. Nxc1 Rc8 36. Kd2 f5 37. Nd3 fxe4 38. fxe4 Nxe4+ 39. Ke3 Nf6 40. Rxa6 e4 41. Ra7+ Kf8 42. Nc5 Kg8 43. Ne6 Rc3+ 44. Kd2 Rd3+ 45. Ke2 Nd7 46. Ng5 Nf8 47. Rb7 Rxb3 48. Rxb5 h6 49. Nxe4 Ne6 50. Rb7 Nd4+ 51. Kd2 Nc6 52. b5 Ne5 53. Kc2 Re3 54. Nd6 Re2+ 55. Kc3 Rxh2 56. Re7 Re2 57. b6 Re3+ 58. Kc2 1-0

[Event "CHN-chT"]
[Site "Liaocheng"]
[Date "2021.10.20"]
[Round "1.3"]
[White "Qu, Yanqiao"]
[Black "Chu, Wei Chao"]
[Result "0-1"]
[WhiteElo "2113"]
[BlackElo "2422"]
[PlyCount "88"]
[EventDate "2021.10.20"]
[EventType "team-swiss"]
[EventRounds "9"]
[EventCountry "CHN"]
[SourceTitle "CBM 204 Extra"]
[Source "ChessBase"]
[SourceDate "2021.11.30"]
[SourceVersion "1"]
[SourceVersionDate "2021.11.30"]
[SourceQuality "1"]
[WhiteTeam "Heilongjiang"]
[BlackTeam "Tianjin"]
[WhiteTeamCountry "CHN"]
[BlackTeamCountry "CHN"]

1. e4 c5 2. Nf3 e6 3. d4 cxd4 4. Nxd4 Nf6 5. Nc3 Nc6 6. Ndb5 d6 7. Bf4 e5 8. Bg5 a6 9. Na3 b5 10. Nd5 Be7 11. Bxf6 Bxf6 12. c4 b4 13. Nc2 Rb8 14. b3 Bg5 15. Bd3 0-0 16. 0-0 a5 17. Nde3 a4 18. Be2 Bxe3 19. Nxe3 Nd4 20. Nc2 Ne6 21. Bg4 axb3 22. axb3 Nc5 23. Bxc8 Qxc8 24. Qd5 Qe6 25. Rfb1 Qxd5 26. exd5 f5 27. Ra7 Rf7 28. Ra5 g6 29. Kf1 f4 30. f3 Re7 31. Kf2 Kg7 32. Kf1 g5 33. h3 h5 34. Kf2 Kf6 35. Kf1 Rg7 36. Kf2 g4 37. hxg4 hxg4 38. Rh1 gxf3 39. gxf3 Rg6 40. Rb5 Rbg8 41. Rh2 e4 42. fxe4 Nxe4+ 43. Kf3 Ke5 44. Rh5+ Rg5 0-1

[Event "CHN-chT"]
[Site "Daqing"]
[Date "2019.06.19"]
[Round "1.1"]
[White "Qu, Yanqiao"]
[Black "Huang, Renjie"]
[Result "0-1"]
[WhiteElo "2140"]
[BlackElo "2327"]
[PlyCount "62"]
[EventDate "2019.06.19"]
[EventType "team-swiss"]
[EventRounds "9"]
[EventCountry "CHN"]
[SourceTitle "CBM 191 Extra"]
[Source "ChessBase"]
[SourceDate "2019.09.30"]
[SourceVersion "1"]
[SourceVersionDate "2019.09.30"]
[SourceQuality "1"]
[WhiteTeam "Heilongjiang"]
[BlackTeam "Shandong"]
[WhiteTeamCountry "CHN"]
[BlackTeamCountry "CHN"]

1. Nf3 d5 2. d4 Nf6 3. c4 c6 4. e3 e6 5. Nbd2 Bd6 6. b3 Nbd7 7. Bb2 b6 8. Bd3 Bb7 9. 0-0 0-0 10. Ne5 c5 11. Qc2 cxd4 12. exd4 Rc8 13. Rad1 h6 14. Rfe1 Qe7 15. f4 Bb4 16. f5 Nxe5 17. Rxe5 Bd6 18. Re2 Qc7 19. h3 Nh5 20. Nf1 Nf4 21. Ree1 dxc4 22. Be4 exf5 23. Bxb7 Qxb7 24. d5 c3 25. Bc1 g6 26. Bxf4 Bxf4 27. Rd3 Rfd8 28. g3 Bd6 29. Red1 Be5 30. Ne3 Bxg3 31. Nxf5 Bf4 0-1

[Event "CHN-chT2"]
[Site "Jiangmen"]
[Date "2018.07.16"]
[Round "10.3"]
[White "Qu, Yanqiao"]
[Black "Liu, Zexu"]
[Result "1-0"]
[WhiteElo "2146"]
[BlackElo "1969"]
[PlyCount "160"]
[EventDate "2018.07.10"]
[EventType "team-swiss"]
[EventRounds "11"]
[EventCountry "CHN"]
[SourceTitle "EXT 2019"]
[Source "ChessBase"]
[SourceDate "2018.10.10"]
[SourceVersion "1"]
[SourceVersionDate "2018.10.10"]
[SourceQuality "1"]
[WhiteTeam "Heilongjiang Chess and Cards"]
[BlackTeam "Jiangsu Reserve Talents"]
[WhiteTeamCountry "CHN"]
[BlackTeamCountry "CHN"]

1. Nf3 Nf6 2. c4 g6 3. b3 Bg7 4. Bb2 0-0 5. g3 b6 6. Bg2 Bb7 7. 0-0 c5 8. d4 cxd4 9. Qxd4 d6 10. Qh4 Nbd7 11. Nc3 h6 12. Qf4 Rc8 13. Rad1 Nc5 14. h4 a6 15. Qe3 Rc7 16. Qc1 Qa8 17. Qa1 Ne6 18. Rd3 g5 19. Rfd1 Nc5 20. Nd5 Bxd5 21. Rxd5 g4 22. Nh2 Qc8 23. R5d4 h5 24. Rd5 Nxd5 25. Bxg7 Nf6 26. Bxf8 Kxf8 27. Qc1 Qf5 28. Nf1 Nce4 29. Qe3 Rc5 30. f3 gxf3 31. exf3 Nxg3 32. Nxg3 Qc2 33. Qd2 Qg6 34. Qf4 Ra5 35. Rd2 Qb1+ 36. Kh2 Rxa2 37. Qh6+ Ke8 38. Rxa2 Qxa2 39. Qe3 Qa5 40. Ne4 Qe5+ 41. Kg1 Nxe4 42. fxe4 b5 43. cxb5 axb5 44. Qg3 Qd4+ 45. Kh2 b4 46. Qg8+ Kd7 47. Qxf7 Qe5+ 48. Kh3 Qc3+ 49. Bf3 Qd3 50. Kg3 Qe3 51. Qf5+ Kc7 52. Qa5+ Kd7 53. Qb5+ Kc7 54. Qa5+ Kd7 55. Qxb4 Qg1+ 56. Bg2 Qe3+ 57. Kh2 Qf4+ 58. Kg1 Qxh4 59. Qb5+ Kc7 60. Qc4+ Kd7 61. Qe2 Qg5 62. Qf3 Kc7 63. Qc3+ Kb6 64. Kf2 Qf4+ 65. Ke2 Qh2 66. Qe3+ Kb5 67. Kf1 h4 68. Qd3+ Kb6 69. Bh3 Qh1+ 70. Ke2 Qh2+ 71. Kd1 Qg1+ 72. Kd2 Qf2+ 73. Kc3 Qc5+ 74. Kb2 Qf2+ 75. Ka3 Qc5+ 76. b4 Qg1 77. Bd7 Kc7 78. Bf5 Kb6 79. Kb3 Qa1 80. Qc2 Qf1 1-0

[Event "CHN-chT2"]
[Site "Jiangmen"]
[Date "2018.07.13"]
[Round "6.3"]
[White "Yang, Bokai"]
[Black "Qu, Yanqiao"]
[Result "1/2-1/2"]
[WhiteElo "1889"]
[BlackElo "2146"]
[PlyCount "33"]
[EventDate "2018.07.10"]
[EventType "team-swiss"]
[EventRounds "11"]
[EventCountry "CHN"]
[SourceTitle "EXT 2019"]
[Source "ChessBase"]
[SourceDate "2018.10.10"]
[SourceVersion "1"]
[SourceVersionDate "2018.10.10"]
[SourceQuality "1"]
[WhiteTeam "Wuxi Dongbeitang"]
[BlackTeam "Heilongjiang Chess and Cards"]
[WhiteTeamCountry "CHN"]
[BlackTeamCountry "CHN"]

1. e4 e5 2. Nf3 Nf6 3. Nc3 Nc6 4. d4 exd4 5. Nxd4 Bb4 6. Nxc6 bxc6 7. Bd3 d5 8. exd5 cxd5 9. 0-0 0-0 10. Bg5 c6 11. Qf3 Bd6 12. Rfe1 h6 13. Bxf6 Qxf6 14. Qxf6 gxf6 15. Ne2 Bd7 16. Ng3 Be5 17. Rab1 1/2-1/2

[Event "CHN Team"]
[Site "Wuxi"]
[Date "2016.07.30"]
[Round "4.5"]
[White "Wu, Kaiyu"]
[Black "Qu, Yanqiao"]
[Result "1-0"]
[WhiteElo "2301"]
[BlackElo "2186"]
[PlyCount "58"]
[EventDate "2016.07.28"]
[EventType "team-swiss"]
[EventRounds "9"]
[EventCountry "CHN"]
[SourceTitle "CBM 173 Extra"]
[Source "ChessBase"]
[SourceDate "2016.08.29"]
[SourceVersion "1"]
[SourceVersionDate "2016.08.29"]
[SourceQuality "1"]
[WhiteTeam "Shandong"]
[BlackTeam "Heilongjiang Qipai"]
[WhiteTeamCountry "CHN"]
[BlackTeamCountry "CHN"]

1. e4 e5 2. Nf3 Nc6 3. Bc4 Bc5 4. c3 Nf6 5. d3 d6 6. 0-0 0-0 7. h3 h6 8. Re1 Bb6 9. Bb3 Ne7 10. d4 Ng6 11. Nbd2 c6 12. Bc2 Be6 13. Nf1 Qc7 14. Ng3 Rad8 15. Be3 Rfe8 16. Qc1 Kh7 17. a4 c5 18. Nf5 Ng8 19. d5 Bd7 20. a5 Bxa5 21. Nxd6 Qxd6 22. Rxa5 b6 23. Rxa7 Nf6 24. Qd2 Nh5 25. Kh1 Nhf4 26. Bxf4 Nxf4 27. Qxf4 exf4 28. e5+ Qg6 29. Bxg6+ Kxg6 1-0

[Event "CHN Team"]
[Site "Zhongshan"]
[Date "2015.07.12"]
[Round "3"]
[White "Qu, Yanqiao"]
[Black "Chen, Xingyu"]
[Result "1/2-1/2"]
[WhiteElo "2197"]
[BlackElo "1827"]
[PlyCount "45"]
[EventDate "2015.07.11"]
[EventType "team-swiss"]
[EventRounds "11"]
[EventCountry "CHN"]
[SourceTitle "CBM 167 Extra"]
[Source "ChessBase"]
[SourceDate "2015.09.14"]
[SourceVersion "1"]
[SourceVersionDate "2015.09.14"]
[SourceQuality "1"]
[WhiteTeam "Heilongjiang"]
[BlackTeam "Chongqing Unicorn"]
[WhiteTeamCountry "CHN"]
[BlackTeamCountry "CHN"]

1. e4 Nf6 2. Nc3 d5 3. e5 Nfd7 4. e6 fxe6 5. d4 g6 6. Nf3 Bg7 7. Be3 0-0 8. h4 Nf6 9. Bd3 c5 10. dxc5 Nc6 11. Bb5 Ng4 12. Qe2 Nxe3 13. fxe3 Qa5 14. Qd3 a6 15. Bxc6 bxc6 16. 0-0-0 Qxc5 17. h5 Rb8 18. hxg6 Rxb2 19. Na4 Qb4 20. gxh7+ Kh8 21. c3 Qe4 22. Kxb2 Bd7 23. Ka1 1/2-1/2

[Event "Beijing zt 3.5"]
[Site "Beijing"]
[Date "2012.09.18"]
[Round "8"]
[White "Fang, Yuxiang"]
[Black "Qu, Yanqiao"]
[Result "1-0"]
[WhiteElo "2104"]
[BlackElo "2152"]
[PlyCount "79"]
[EventDate "2012.09.15"]
[EventType "swiss"]
[EventRounds "11"]
[EventCountry "CHN"]
[SourceTitle "EXT 2013"]
[Source "ChessBase"]
[SourceDate "2012.11.22"]
[SourceVersion "1"]
[SourceVersionDate "2012.11.22"]
[SourceQuality "1"]

1. Nf3 d5 2. d4 e6 3. c4 Be7 4. Nc3 Nf6 5. Bf4 0-0 6. e3 c6 7. h3 Nbd7 8. cxd5 exd5 9. Bd3 Re8 10. 0-0 Nf8 11. Qc2 Ng6 12. Bh2 Bd6 13. Bxd6 Qxd6 14. Rab1 Bd7 15. b4 Rac8 16. Rfc1 Qe7 17. Qe2 Ne4 18. Bxe4 dxe4 19. Nd2 f5 20. b5 Be6 21. bxc6 bxc6 22. Qh5 Qf7 23. Nb3 Bxb3 24. Rxb3 c5 25. Nb5 cxd4 26. Rxc8 Rxc8 27. Nxd4 Rf8 28. g3 a5 29. a3 Qc4 30. Rb5 Qc1+ 31. Kg2 Qxa3 32. Rxf5 a4 33. Rxf8+ Qxf8 34. Qd5+ Kh8 35. Qxe4 a3 36. Qd5 h6 37. Nc2 Qe7 38. Qa8+ Kh7 39. Nxa3 Ne5 40. Qe4+ 1-0

[Event "Beijing zt 3.5"]
[Site "Beijing"]
[Date "2012.09.17"]
[Round "5"]
[White "Li, Di"]
[Black "Qu, Yanqiao"]
[Result "0-1"]
[WhiteElo "2094"]
[BlackElo "2152"]
[PlyCount "120"]
[EventDate "2012.09.15"]
[EventType "swiss"]
[EventRounds "11"]
[EventCountry "CHN"]
[SourceTitle "EXT 2013"]
[Source "ChessBase"]
[SourceDate "2012.11.22"]
[SourceVersion "1"]
[SourceVersionDate "2012.11.22"]
[SourceQuality "1"]

1. d4 d5 2. Nf3 e6 3. g3 c6 4. Bg2 f5 5. 0-0 Nf6 6. c4 Bd6 7. Nc3 0-0 8. c5 Bc7 9. Bf4 Ne4 10. Bxc7 Qxc7 11. Nxe4 fxe4 12. Ne5 Nd7 13. Nxd7 Bxd7 14. Qb3 Rae8 15. Qe3 e5 16. b4 Bg4 17. dxe5 Qxe5 18. f3 exf3 19. Qxe5 f2+ 20. Rxf2 Rxe5 21. Bf3 Bxf3 22. exf3 Re3 23. f4 Rfe8 24. Kf1 R8e4 25. Rb1 a6 26. Kg2 Kf7 27. a4 Rc3 28. b5 axb5 29. axb5 Rxc5 30. bxc6 bxc6 31. Ra2 Re7 32. Rb8 Rd7 33. Raa8 d4 34. Rf8+ Ke6 35. Rae8+ Kd5 36. Rf5+ Kc4 37. Rxc5+ Kxc5 38. Kf2 Kc4 39. Ke2 Kc3 40. Rc8 Rd6 41. Kd1 Rh6 42. h4 Rg6 43. Ke2 d3+ 44. Kd1 Rxg3 45. Rxc6+ Kd4 46. f5 Ke5 47. f6 gxf6 48. Rc7 h5 49. Rh7 Ke4 50. Kd2 Rg2+ 51. Ke1 Rh2 52. Re7+ Kf5 53. Rd7 Rxh4 54. Rxd3 Rf4 55. Rg3 h4 56. Rg8 h3 57. Rh8 Kg4 58. Ke2 Kg3 59. Rg8+ Rg4 60. Rh8 Kg2 0-1

[Event "Beijing zt 3.5"]
[Site "Beijing"]
[Date "2012.09.15"]
[Round "2"]
[White "Qu, Yanqiao"]
[Black "Yang, Kaiqi"]
[Result "0-1"]
[WhiteElo "2152"]
[BlackElo "2374"]
[PlyCount "120"]
[EventDate "2012.09.15"]
[EventType "swiss"]
[EventRounds "11"]
[EventCountry "CHN"]
[SourceTitle "EXT 2013"]
[Source "ChessBase"]
[SourceDate "2012.11.22"]
[SourceVersion "1"]
[SourceVersionDate "2012.11.22"]
[SourceQuality "1"]

1. Nf3 Nf6 2. c4 g6 3. b3 Bg7 4. Bb2 d6 5. g3 e5 6. d3 0-0 7. Bg2 Nc6 8. 0-0 Bd7 9. Nbd2 Nh5 10. Qc2 f5 11. a3 Qe7 12. b4 Rae8 13. b5 Nd8 14. Nb3 Ne6 15. Nfd2 b6 16. a4 f4 17. Ne4 Ng5 18. Nbd2 fxg3 19. hxg3 Nh3+ 20. Kh2 N3f4 21. Bf3 Kh8 22. e3 Ne6 23. Bg2 Nf6 24. Nxf6 Rxf6 25. Ne4 Rf5 26. a5 h5 27. axb6 axb6 28. Ra7 h4 29. g4 Rf7 30. f3 Bc8 31. Qf2 Kg8 32. Qe2 Ng5 33. Nxg5 Qxg5 34. Bc1 Be6 35. e4 Qe7 36. Be3 Qf8 37. Bg5 Bh6 38. Qe3 Kh7 39. Kh3 Bxg5 40. Qxg5 Kg7 41. Kxh4 Rd7 42. Kg3 Qf6 43. Qxf6+ Kxf6 44. f4 exf4+ 45. Rxf4+ Ke5 46. Ra1 g5 47. Rf3 Rh8 48. Bh3 Rdh7 49. Kg2 Rh4 50. Rg3 Rf8 51. Rf1 Rf4 52. Rd1 Kd4 53. Rf1 Bxg4 54. Bxg4 Rhxg4 55. Rxg4 Rxg4+ 56. Kh3 Rf4 57. Rg1 Kxd3 58. Rxg5 Rxe4 59. c5 dxc5 60. Rg7 Kc4 0-1

[Event "Asian Continental op 11th"]
[Site "Ho Chi Minh City"]
[Date "2012.05.08"]
[Round "4"]
[White "Gopal, Geetha Narayanan"]
[Black "Qu, Yanqiao"]
[Result "1-0"]
[WhiteElo "2562"]
[BlackElo "2159"]
[PlyCount "67"]
[EventDate "2012.05.05"]
[EventType "swiss"]
[EventRounds "9"]
[EventCountry "VIE"]
[SourceTitle "CBM 148 Extra"]
[Source "ChessBase"]
[SourceDate "2012.06.22"]
[SourceVersion "1"]
[SourceVersionDate "2012.06.22"]
[SourceQuality "1"]

1. e4 e5 2. Bc4 Nf6 3. d3 c6 4. Nf3 d5 5. Bb3 Bb4+ 6. c3 Bd6 7. Bg5 dxe4 8. dxe4 0-0 9. 0-0 Qe7 10. Nh4 Be6 11. Qf3 Nbd7 12. Nf5 Bxf5 13. Qxf5 Nc5 14. Nd2 Nxb3 15. axb3 Rfe8 16. Rfd1 Bc7 17. Nc4 Rad8 18. h3 a6 19. Ne3 Qe6 20. Bxf6 Qxf6 21. Qxf6 gxf6 22. Nf5 Kf8 23. Kf1 Bb6 24. Ke2 Bc5 25. h4 Be7 26. Rh1 Rd7 27. Rad1 Red8 28. Rxd7 Rxd7 29. Rh3 a5 30. Rg3 b5 31. Rg7 a4 32. Rxh7 Kg8 33. Rg7+ Kf8 34. h5 1-0

[Event "Budapest FS08 IM-B"]
[Site "Budapest"]
[Date "2010.08.15"]
[Round "9"]
[White "Erdelyi, Zombor"]
[Black "Qu, Yanqiao"]
[Result "1/2-1/2"]
[WhiteElo "2336"]
[BlackElo "2149"]
[PlyCount "68"]
[EventDate "2010.08.07"]
[EventType "tourn"]
[EventRounds "9"]
[EventCountry "HUN"]
[EventCategory "1"]
[SourceTitle "CBM 137 Extra"]
[Source "ChessBase"]
[SourceDate "2010.09.01"]
[SourceVersion "1"]
[SourceVersionDate "2010.09.01"]
[SourceQuality "1"]

1. e4 e5 2. Nf3 Nf6 3. d4 Nxe4 4. Bd3 d5 5. dxe5 Nc5 6. Be2 Be7 7. 0-0 0-0 8. a3 a5 9. Nc3 c6 10. Be3 Nbd7 11. b4 axb4 12. axb4 Rxa1 13. Qxa1 Ne6 14. b5 f6 15. Na4 fxe5 16. bxc6 bxc6 17. Nxe5 Nxe5 18. Qxe5 Bd6 19. Qa1 d4 20. Bd2 c5 21. Nb2 Bf4 22. Qe1 Qg5 23. Bc4 Bxd2 24. Bxe6+ Kh8 25. Qe4 Ba6 26. Bc4 Bc8 27. Bd3 Bf5 28. Qc6 Bg4 29. Qe4 g6 30. Nc4 Bf4 31. Re1 Bxh2+ 32. Kxh2 Qh4+ 33. Kg1 Qxf2+ 34. Kh2 Qh4+ 1/2-1/2

[Event "Budapest FS08 IM-B"]
[Site "Budapest"]
[Date "2010.08.12"]
[Round "6"]
[White "Qu, Yanqiao"]
[Black "Farago, Sandor"]
[Result "1/2-1/2"]
[WhiteElo "2149"]
[BlackElo "2243"]
[PlyCount "91"]
[EventDate "2010.08.07"]
[EventType "tourn"]
[EventRounds "9"]
[EventCountry "HUN"]
[EventCategory "1"]
[SourceTitle "CBM 137 Extra"]
[Source "ChessBase"]
[SourceDate "2010.09.01"]
[SourceVersion "1"]
[SourceVersionDate "2010.09.01"]
[SourceQuality "1"]

1. d4 Nf6 2. Bg5 Ne4 3. Bf4 f5 4. f3 Nf6 5. Bg5 d5 6. Bxf6 exf6 7. e3 Bd6 8. c4 Qe7 9. Nc3 Qxe3+ 10. Qe2 Qxe2+ 11. Bxe2 dxc4 12. Bxc4 Nc6 13. Nge2 a6 14. 0-0-0 Bd7 15. f4 0-0-0 16. d5 Ne7 17. g3 b5 18. Bb3 c5 19. dxc6 Bxc6 20. Rhe1 Bc5 21. Nd4 Rxd4 22. Rxd4 Bxd4 23. Rxe7 g6 24. Nd5 Kd8 25. Re6 Bb7 26. Rd6+ Ke8 27. Nxf6+ Bxf6 28. Rxf6 Kd7 29. Rf7+ Kc6 30. Kc2 Kb6 31. Kc3 a5 32. Rg7 Rc8+ 33. Kd4 a4 34. Bg8 Rc2 35. b4 Rxh2 36. Rxh7 Rd2+ 37. Ke5 Rd3 38. Rg7 Rxg3 39. Kf6 Be4 40. Rxg6 Rxg6+ 41. Kxg6 a3 42. Kf6 Kc6 43. Ke5 Bb1 44. Bd5+ Kd7 45. Be6+ Kc6 46. Kd4 1/2-1/2

[Event "Kecskemet Caissa IM 07"]
[Site "Kecskemet"]
[Date "2010.07.17"]
[Round "1"]
[White "Antal, Tibor Kende"]
[Black "Qu, Yanqiao"]
[Result "1-0"]
[WhiteElo "2175"]
[BlackElo "2149"]
[PlyCount "67"]
[EventDate "2010.07.17"]
[EventType "tourn"]
[EventRounds "10"]
[EventCountry "HUN"]
[SourceTitle "EXT 2013"]
[Source "ChessBase"]
[SourceDate "2012.11.22"]
[SourceVersion "1"]
[SourceVersionDate "2012.11.22"]
[SourceQuality "1"]

1. e4 c5 2. Nf3 e6 3. d4 cxd4 4. Nxd4 Nc6 5. Nc3 Qc7 6. Be3 a6 7. Nxc6 bxc6 8. f4 d5 9. Be2 Nf6 10. Bf3 Rb8 11. 0-0 Rxb2 12. Bd4 Rb4 13. a3 Rb8 14. Kh1 Qa5 15. f5 Be7 16. g4 h6 17. Bg2 Rb7 18. e5 Nd7 19. Ne2 Qc7 20. fxe6 fxe6 21. Nf4 Nf8 22. Nh5 Rg8 23. Qf3 Bg5 24. Bc5 Nh7 25. Bd6 Qd7 26. Qd3 g6 27. Nf4 Nf8 28. Nxg6 Nxg6 29. Qxg6+ Qf7 30. Qd3 Qd7 31. Rf3 h5 32. Raf1 Bh6 33. g5 Bg7 34. Qh7 1-0

[Event "Budapest FS07 IM"]
[Site "Budapest"]
[Date "2010.07.13"]
[Round "11"]
[White "Qu, Yanqiao"]
[Black "Virag, Attila Aba"]
[Result "1-0"]
[WhiteElo "2124"]
[BlackElo "2258"]
[PlyCount "87"]
[EventDate "2010.07.03"]
[EventType "tourn"]
[EventRounds "11"]
[EventCountry "HUN"]
[EventCategory "1"]
[SourceTitle "CBM 137 Extra"]
[Source "ChessBase"]
[SourceDate "2010.09.01"]
[SourceVersion "1"]
[SourceVersionDate "2010.09.01"]
[SourceQuality "1"]

1. e4 c5 2. Nf3 Nc6 3. Bb5 e6 4. Bxc6 bxc6 5. 0-0 Ne7 6. d3 Ng6 7. Ng5 h6 8. Nh3 Be7 9. Qh5 d6 10. f4 Bf6 11. Nc3 Rb8 12. Nd1 Ba6 13. c4 Bd4+ 14. Kh1 Qh4 15. Qf3 0-0 16. Be3 Qf6 17. Rb1 d5 18. e5 Qd8 19. Rc1 Qa5 20. Qf2 Bxe3 21. Nxe3 d4 22. Nd1 Qxa2 23. Qf3 Bc8 24. Nhf2 Qa5 25. Ne4 Kh8 26. Ndf2 Rxb2 27. Ng4 Qd8 28. Nef6 Ne7 29. Qh3 Nf5 30. Nxh6 Nxh6 31. g4 Qe7 32. g5 Rd8 33. Qh4 Bb7 34. Rg1 a5 35. Ng4 Kg8 36. Nf6+ Kh8 37. Qh3 a4 38. Ng4 Kg8 39. Nf6+ Kh8 40. Ra1 Ra8 41. g6 Qf8 42. Rg5 fxg6 43. Rag1 Bc8 44. Rxg6 1-0